000 00414nam a22001697a 4500
003 OSt
005 20220308163237.0
008 220308b |||||||| |||| 00| 0 eng d
020 _a05340010474
040 _cHU
082 _a658.848
100 _aTERPSTRA VERRN
_932397
245 _aINRENATIONAL DIMENSIONS OF MARKETING
260 _aAMERICA
_bLTD
_c1982
300 _a186
942 _2ddc
_cBOOKS
_n0
999 _c32360
_d32360